01048 2200349 4500001002100000005001500021035002000036007000300056008004100059020002200100040002200122082001400144084001600158090001800174100003200192245010100224250002800325300004800353650002300401700002200424700003400446850001200480490001600492264003600508336002100544337003000565338002300595990002000618990002000638990002000658990002000678INLIS00000000085162820191010082220 a0010-1019000355ta191010s2019 jbia br 1 ind d a978-602-472-012-4 aYOPDYOGbinderda04223a028.5 a028.5 BEB a aK 028.5 BEB a0 aBeby Haryanti Dewiepenulis10aAku suka ke TPA /cpenulis, Beby Haryanti Dewi; ilustrator, Nonoy; penyunting, Wiwien Widyawanti aCetakan I, Januari 2019 a[22] halaman :bilustrasi berwarna ;c17 cm 4aBacaan kanak-kanak0 aNonoyeilustrator aWiwien Widyawantiepenyunting aYOPDYOG aHalo Balita31aBandung :bPelangi Mizan,c2019 2rdacontentateks 2rdamediaatanpa perantara 2rdacarrieravolume a39308-PD/B.2019 a39309-PD/B.2019 a39310-PD/B.2019 a39311-PD/B.2019